Centroamérica en guerra: las fuerzas armadas de Centroamérica y México

Kaydedildi:
Detaylı Bibliyografya
Yazar: Sohr, Raúl
Materyal Türü: Metin
Baskı/Yayın Bilgisi: México, D.F.: Alianza Estudios
Etiketler: Etiketle
Etiket eklenmemiş, İlk siz ekleyin!

MARC

LEADER 00000 a a2200000 04500
001 25889
003
040
020 |a 968-6001-82-4  
090 |a 174207  
100 |a Sohr, Raúl  
245 |a Centroamérica en guerra: las fuerzas armadas de Centroamérica y México  
260 |a México, D.F.:   |b Alianza Estudios  
300 |a 289 p.  
999 |c 13399  |d 13399